Library Banner

Cause for concern (Record no. 39598)

MARC details
000 -LEADER
fixed length control field 00433nam a2200169Ia 4500
001 - CONTROL NUMBER
control field 40357
008 - FIXED-LENGTH DATA ELEMENTS--GENERAL INFORMATION
fixed length control field 140423s9999 xx 000 0 und d
020 ## - INTERNATIONAL STANDARD BOOK NUMBER
International Standard Book Number 0324311303
040 ## - CATALOGING SOURCE
Transcribing agency PK-LaUMT
082 ## - DEWEY DECIMAL CLASSIFICATION NUMBER
Classification number 658.8
Item number ADL-C
100 ## - MAIN ENTRY--PERSONAL NAME
Personal name Adler, Stephen M.
245 ## - TITLE STATEMENT
Title Cause for concern
Remainder of title results-oriented cause marketing
Statement of responsibility, etc Adler, Stephen M.
260 ## - PUBLICATION, DISTRIBUTION, ETC. (IMPRINT)
Place of publication, distribution, etc Mason,USA:
Name of publisher, distributor, etc Thomson,
Date of publication, distribution, etc 2006
300 ## - PHYSICAL DESCRIPTION
Extent 149 p.
546 ## - LANGUAGE NOTE
Language note EN
942 ## - ADDED ENTRY ELEMENTS (KOHA)
Koha item type Books
Holdings
Withdrawn status Lost status Damaged status Not for loan Home library Current library Date acquired Total Checkouts Full call number Barcode Date last seen Price effective from Koha item type
        UMT Main Campus UMT Main Campus 2014-04-23   658.8 ADL-C 43346 2014-05-05 2014-05-05 Books